00531nam a22001697a 4500003000400000020002300004082001800027100002000045245006300065250000900128260005500137300001000192650001700202942001200219952011300231999001700344SGT a‎ 978-0683062465 a617.632bP92D aPaul H. Dworkin aPediatrics (National Medical Series for Independent Study) a2nd  aHong, Kong london b ‎ Williams & Wilkinsc1992 a1-550 aPEDODONTICS  2ddccBK 00102ddc4070aFDbFDcTXTd2021-09-14iSGTUl0o617.632 P92DpFD8471r2021-09-14 00:00:00w2021-09-14yBK c21863d21863